|
|
|
|
| LEADER |
00000cam a22000002c 4500 |
| 001 |
1840061677 |
| 003 |
DE-627 |
| 005 |
20250625115906.0 |
| 007 |
cr uuu---uuuuu |
| 008 |
230324s1988 xx |||||o 00| ||eng c |
| 024 |
7 |
|
|a 10.3886/ICPSR08935.v1
|2 doi
|
| 035 |
|
|
|a (DE-627)1840061677
|
| 035 |
|
|
|a (DE-599)KXP1840061677
|
| 040 |
|
|
|a DE-627
|b ger
|c DE-627
|e rda
|
| 041 |
|
|
|a eng
|
| 084 |
|
|
|a 2,1
|2 ssgn
|
| 100 |
1 |
|
|a Pennell, Susan
|e VerfasserIn
|4 aut
|
| 245 |
1 |
0 |
|a Guardian Angels: Citizen Response to Crime in Selected Cities of the United States, 1984
|
| 264 |
|
1 |
|a [Erscheinungsort nicht ermittelbar]
|b [Verlag nicht ermittelbar]
|c 1988
|
| 336 |
|
|
|a Text
|b txt
|2 rdacontent
|
| 337 |
|
|
|a Computermedien
|b c
|2 rdamedia
|
| 338 |
|
|
|a Online-Ressource
|b cr
|2 rdacarrier
|
| 520 |
|
|
|a This study was designed to assess the effects of the activities of the Guardian Angels on citizens' fear of crime, incidence of crime, and police officers' perceptions of the Guardian Angels. The data, which were collected in several large American cities, provide information useful for evaluating the activities of the Guardian Angels from the perspectives of transit riders, residents, merchants, and police officers. Respondents who were transit riders were asked to provide information on their knowledge of and contacts with the Angels, attitudes toward the group, feelings of safety on public transit, victimization experience, and demographic characteristics. Police officers were asked about their knowledge of the Angels, attitudes toward the group, opinions regarding the benefits and effectiveness of the group, and law enforcement experiences. Data for residents and merchants include demographic characteristics, general problems in the neighborhood, opinions regarding crime problems, crime prevention activities, fear of crime, knowledge of the Angels, attitudes toward the group, and victimization experiences.
|
| 540 |
|
|
|a ICPSR Terms of Use
|
| 650 |
|
4 |
|a commuting (travel)
|
| 650 |
|
4 |
|a Crime
|
| 650 |
|
4 |
|a Crime Prevention
|
| 650 |
|
4 |
|a Neighborhoods
|
| 650 |
|
4 |
|a Police Activity
|
| 650 |
|
4 |
|a public transportation
|
| 650 |
|
4 |
|a Victimization
|
| 655 |
|
7 |
|a Forschungsdaten
|0 (DE-588)1098579690
|0 (DE-627)857755366
|0 (DE-576)469182156
|2 gnd-content
|
| 700 |
1 |
|
|a Curtis, Christine
|e MitwirkendeR
|4 ctb
|
| 700 |
1 |
|
|a Henderson, Joel H.
|e MitwirkendeR
|4 ctb
|
| 787 |
0 |
8 |
|i Forschungsdaten zu
|a Pennell, Susan
|t Guardian Angels: An Assessment of Citizen Response to Crime, Volume 1, Executive Summary
|d [Erscheinungsort nicht ermittelbar] : United States Department of Justice, National Institute of Justice, 1985
|w (DE-627)1912569507
|
| 787 |
0 |
8 |
|i Forschungsdaten zu
|a Pennell, Susan
|t Guardian Angels: An Assessment of Citizen Response To Crime, Volume 2, Technical Report
|d [Erscheinungsort nicht ermittelbar] : United States Department of Justice, National Institute of Justice, 1985
|w (DE-627)1912569515
|
| 787 |
0 |
8 |
|i Forschungsdaten zu
|a Pennell, Susan
|t Guardian Angels: An Assessment of Citizen Response to Crime, Volume 3: Research Methodology and Data Collection Instruments
|d [Erscheinungsort nicht ermittelbar] : United States Department of Justice, National Institute of Justice, 1985
|w (DE-627)1912569523
|
| 787 |
0 |
8 |
|i Forschungsdaten zu
|a Pennell, Susan
|t Guardian Angels: Citizen response to crime prevention
|d 1986
|w (DE-627)1912569531
|
| 787 |
0 |
8 |
|i Forschungsdaten zu
|a Pennell, Susan
|t Guardian Angels: A unique approach to crime prevention
|d 1989
|w (DE-627)191256954X
|
| 856 |
4 |
0 |
|u https://doi.org/10.3886/ICPSR08935.v1
|x Resolving-System
|z kostenfrei
|3 Volltext
|7 0
|
| 935 |
|
|
|a mkri
|
| 951 |
|
|
|a BO
|
| ELC |
|
|
|a 1
|
| LOK |
|
|
|0 000 xxxxxcx a22 zn 4500
|
| LOK |
|
|
|0 001 4296809318
|
| LOK |
|
|
|0 003 DE-627
|
| LOK |
|
|
|0 004 1840061677
|
| LOK |
|
|
|0 005 20230324125311
|
| LOK |
|
|
|0 008 230324||||||||||||||||ger|||||||
|
| LOK |
|
|
|0 035
|a (DE-2619)ICPSR8935
|
| LOK |
|
|
|0 040
|a DE-2619
|c DE-627
|d DE-2619
|
| LOK |
|
|
|0 092
|o n
|
| LOK |
|
|
|0 852
|a DE-2619
|
| LOK |
|
|
|0 852 1
|9 00
|
| LOK |
|
|
|0 935
|a foda
|a nacj
|
| LOK |
|
|
|0 939
|a 24-03-23
|b l01
|
| OAS |
|
|
|a 1
|
| ORI |
|
|
|a SA-MARC-krimdoka001.raw
|